Statistics for Countries with Nobel Literature Prize Winners

Click here to take the quiz!

General Stats

  • This quiz has been taken 19 times
    (5 since last reset)
  • The average score is 36 of 46

Answer Stats

Continent Country % Correct
OceaniaAustralia
100%
EuropeGreece
100%
North AmericaUnited States of America
100%
EuropeUnited Kingdom
100%
Asia/ EuropeTurkey
100%
EuropeSwitzerland
100%
EuropeSweden
100%
EuropeSpain
100%
AfricaSouth Africa
100%
EuropePortugal
100%
EuropePoland
100%
EuropeNorway
100%
North AmericaMexico
100%
EuropeAustria
100%
AsiaIndia
100%
AsiaIsrael
100%
EuropeGermany
100%
EuropeBelgium
100%
North AmericaCanada
100%
South AmericaChile
100%
AfricaEgypt
80%
EuropeBosnia and Herzegovina
80%
EuropeBulgaria
80%
Asia/ EuropeRussia
80%
EuropeCzech Republic
80%
South AmericaPeru
80%
North AmericaGuatemala
80%
EuropeDenmark
80%
EuropeItaly
80%
EuropeFinland
80%
EuropeIreland
80%
EuropeFrance
80%
AsiaChina
60%
EuropeIceland
60%
AfricaNigeria
60%
EuropeLithuania
60%
AsiaJapan
60%
South AmericaColombia
60%
EuropeBelarus
60%
EuropeHungary
60%
AsiaIran
60%
AfricaZimbabwe
40%
North AmericaSaint Lucia
40%
North AmericaTrinidad and Tobago
20%
AfricaMadagascar
20%
AfricaMauritius
20%

Score Distribution

Percentile by Number Answered

Percent of People with Each Score

Your Score History

You have not taken this quiz since the last reset